000 01230cam a2200241 4500
001 ##L132658
008 060227n2005 000 0 eng u
020 _a1860818927
035 _a(Sirsi) u132658
041 0 _aeng
050 0 4 _a696.9 $2 18
100 1 _aHenderson J.
245 0 4 _aThe scope for reducing carbon emissions from housing
260 _aWatford
_bBRE
_c2005
300 _a8p.
_bill
_c30cm.
490 0 _aBRE Information Paper
_vIP 15/05
520 _aEvaluates the potential of reducing carbon emissions through domestic energy efficiency measures. It finds that in 2001, a cost effective savings potential of between nine and 17.5 million tonnes of carbon emissions per year existed for dwellings. This compares with an estimated figure of between 6.5 and 13.5 million tonnes for 2010. It is predicted that by 2050, nearly all of the potential from today's insulation measures will have been used up, thus the possibilities of using renewable sources of energy is considered.
590 _aIKA280206
690 _aENVIRONMENTAL AND LAND CONSULTANCY-ENERGY-ENERGY USE-ENERGY EFFICIENCY
700 1 _aShorrock, L. D.
710 2 _aDepartment for Environment, Food and Rural Affairs
_94094
942 _n0
999 _c105205
_d105205